书目信息 |
| 题名: |
普通话训练教程
|
|
| 作者: | 马显彬 主编 | |
| 分册: | ||
| 出版信息: | 广州 暨南大学出版社 2007.01 |
|
| 页数: | 244页 | |
| 开本: | 23cm | |
| 丛书名: | ||
| 单 册: | ||
| 中图分类: | H102 | |
| 科图分类: | ||
| 主题词: | 普通话--pu tong hua--教材 | |
| 电子资源: | ||
| ISBN: | 978-7-81079-803-7 | |
| 000 | 00770nam0 2200229 450 | |
| 001 | 012008459259 | |
| 005 | 20080603113206.51 | |
| 010 | @a978-7-81079-803-7@dCNY25.00 | |
| 100 | @a20080603d2007 em y0chiy0120 ea | |
| 101 | 0 | @achi |
| 102 | @aCN@b440000 | |
| 105 | @aa z 000yy | |
| 106 | @ar | |
| 200 | 1 | @a普通话训练教程@Apu tong hua xun lian jiao cheng@f马显彬主编@Fma xian bin zhu bian |
| 210 | @a广州@c暨南大学出版社@d2007.01 | |
| 215 | @a244页@c图@d23cm | |
| 330 | @a本书是供普通话教学使用的教科书,由经验丰富的从事普通话教学的国家级测试员联合编写。我国方言复杂,学习普通话也各有所侧重。 | |
| 606 | 0 | @a普通话@Apu tong hua@j教材 |
| 690 | @aH102@v4 | |
| 701 | 0 | @a马显彬@Ama xian bin@4主编 |
| 801 | 0 | @aCN@bQSSK@c20080603 |
| 905 | @b721680-82@dH102@eM191@f3 | |
| 普通话训练教程/马显彬主编.-广州:暨南大学出版社,2007.01 |
| 244页:图;23cm |
| ISBN 978-7-81079-803-7:CNY25.00 |
| 本书是供普通话教学使用的教科书,由经验丰富的从事普通话教学的国家级测试员联合编写。我国方言复杂,学习普通话也各有所侧重。 |
| ● |
| 相关链接 |
|
|
|
正题名:普通话训练教程
索取号:H102/M191
 
预约/预借
| 序号 | 登录号 | 条形码 | 馆藏地/架位号 | 状态 | 备注 |
| 1 | 721680 | 207216804 | 语言库209/209语言库 70排2列1层/ [索取号:H102/M191] | 在馆 | |
| 2 | 721681 | 207216813 | 语言库209/209语言库 70排2列1层/ [索取号:H102/M191] | 在馆 | |
| 3 | 721682 | 207216822 | 语言库209/209语言库 70排2列1层/ [索取号:H102/M191] | 在馆 |